Poverty reduction in an elite-driven democracy: the case of India (Record no. 405077)

000 -LEADER
fixed length control field 00457cam a22001577a 4500
008 - FIXED-LENGTH DATA ELEMENTS--GENERAL INFORMATION
fixed length control field 180718b2005 xxu||||| |||| 00| 0 eng d
020 ## - INTERNATIONAL STANDARD BOOK NUMBER
International Standard Book Number 8190294687
082 ## - DEWEY DECIMAL CLASSIFICATION NUMBER
Classification number Q31x54 R18
100 ## - MAIN ENTRY--PERSONAL NAME
Personal name Rao, V.M.
245 ## - TITLE STATEMENT
Title Poverty reduction in an elite-driven democracy: the case of India
Statement of responsibility, etc. by V.M. Rao
260 ## - PUBLICATION, DISTRIBUTION, ETC.
Place of publication, distribution, etc. Delhi
Name of publisher, distributor, etc. Daanish Books
Date of publication, distribution, etc. 2005
300 ## - PHYSICAL DESCRIPTION
Extent 328p.
650 ## - SUBJECT ADDED ENTRY--TOPICAL TERM
Topical term or geographic name entry element Rural development - India
650 ## - SUBJECT ADDED ENTRY--TOPICAL TERM
Topical term or geographic name entry element Democracy - India
650 ## - SUBJECT ADDED ENTRY--TOPICAL TERM
Topical term or geographic name entry element Poverty - India
Holdings
Withdrawn status Lost status Damaged status Not for loan Permanent Location Current Location Date acquired Full call number Barcode Date last seen Price effective from Koha item type
        Indian Institute of Public Administration Indian Institute of Public Administration 2006-02-22 Q31x54 R18 80936 2018-07-21 2018-07-21 Book

Powered by Koha